SPECIAL issue on emergency revisited (Record no. 31804)

000 -LEADER
fixed length control field 00460pab a2200169 454500
008 - FIXED-LENGTH DATA ELEMENTS--GENERAL INFORMATION
fixed length control field 180718b1996 xxu||||| |||| 00| 0 eng d
245 ## - TITLE STATEMENT
Title SPECIAL issue on emergency revisited
260 ## - PUBLICATION, DISTRIBUTION, ETC.
Date of publication, distribution, etc. 1996
300 ## - PHYSICAL DESCRIPTION
Extent p.1-178
362 ## - DATES OF PUBLICATION AND/OR SEQUENTIAL DESIGNATION
Dates of publication and/or sequential designation Annual Number
650 ## - SUBJECT ADDED ENTRY--TOPICAL TERM
Topical term or geographic name entry element Constitutional law - India
650 ## - SUBJECT ADDED ENTRY--TOPICAL TERM
Topical term or geographic name entry element War and emergency powers - India
650 ## - SUBJECT ADDED ENTRY--TOPICAL TERM
Topical term or geographic name entry element India - Politics and government
650 ## - SUBJECT ADDED ENTRY--TOPICAL TERM
Topical term or geographic name entry element Politics and government
773 ## - HOST ITEM ENTRY
Main entry heading Janata
909 ## -
-- 31804
Holdings
Withdrawn status Lost status Damaged status Not for loan Permanent Location Current Location Date acquired Serial Enumeration / chronology Barcode Date last seen Price effective from Koha item type
        Indian Institute of Public Administration Indian Institute of Public Administration 2018-07-19 Volume no: 51, Issue no: 1 AR31987 2018-07-19 2018-07-19 Articles

Powered by Koha